000 00518nam a2200169Ia 4500
005 20250508160207.0
008 008 250505s9999 xx 000 0 eng d
037 _aBooks to be hide in OPAC
040 _aFEDL
_beng
_cFEDL
041 _aeng
_2eng
084 _a370.73, UNI/O
_qFEDL
245 0 _aStatistics of state universities and state colleges
260 _aWashington, USA
_bU.S. Government Printing Office
_c1915
300 _a19p.
942 _cHB
_h370.73, UNI/O
999 _c1362563
_d1362563